Proceedings.

Bibliographic Details
Corporate Authors: International Simulation and Training Conference New York, Society of Automotive Engineers, Human Factors Society
Format: Conference Proceeding Book
Language:English
Published: New York : Society of Automotive Engineers, [1967]
Series:SAE conference proceedings ; P-15.
Subjects:

MARC

Tag First Indicator Second Indicator Subfields
LEADER 00000cam a22000001 4500
001 in00000096409
005 20150925090219.0
008 740514s1967 nyua b 10000 eng
010 |a  67008391  
019 |a 2107073 
035 |a (OCoLC)02107067 
035 |9 AAL2379AM 
040 |a DLC  |c DLC  |d TXA  |d UtOrBLW 
049 |a TXAM  |c [637769] 
050 0 0 |a TL712  |b .I5 1967 
082 0 |a 629.132/52/07 
111 2 |a International Simulation and Training Conference  |n (3d :  |d 1967 :  |c New York) 
245 1 0 |a Proceedings. 
264 1 |a New York :  |b Society of Automotive Engineers,  |c [1967] 
300 |a 139 pages :  |b illustrations ;  |c 28 cm. 
336 |a text  |b txt  |2 rdacontent 
337 |a unmediated  |b n  |2 rdamedia 
338 |a volume  |b nc  |2 rdacarrier 
490 1 |a SAE conference proceedings ;  |v P-15 
500 |a Sponsored by Society of Automotive Engineers, with participation of Human Factors Society and others. 
504 |a Includes bibliographies. 
650 0 |a Flight training. 
650 0 |a Flight simulators. 
710 2 |a Society of Automotive Engineers. 
710 2 |a Human Factors Society. 
830 0 |a SAE conference proceedings ;  |v P-15. 
999 |a MARS 
999 f f |s aa4221ef-3024-3f48-8966-eb763cf918aa  |i 0c73312a-696d-3f26-af73-f2ad13d98ee2  |t 0 
952 f f |p ric  |a Texas A&M University  |b Rellis Campus  |c Joint Library Facility  |d Remote Storage  |t 0  |e TL712 .I5 1967  |h Library of Congress classification  |i unmediated -- volume  |m A14805551485 
998 f f |a TL712 .I5 1967  |t 0  |l Remote Storage